| 000 | 00548nam a2200193Ia 4500 | ||
|---|---|---|---|
| 003 | GCL | ||
| 008 | 140319s9999 xx 000 0 eng d | ||
| 040 |
_aGCL / _cGCL |
||
| 082 | 0 | 4 |
_aCC _b627.52 _bM S |
| 100 | 1 | _aMENASSA, LAILA | |
| 245 | 1 | 0 |
_aLA SAQIA: TECHNIQUE ET VOCABULAIRE DE LA ROUE A EAU EGYPTIENNE / _cMENASSA, LAILA |
| 700 | 1 | _aLAFERRIERE, PIERRE | |
| 260 |
_a[S.N] : _bIFAO ، _c1974 |
||
| 300 | _a66 P | ||
| 650 | 0 | 4 | _aIRRIGATION |
| 650 | 0 | 4 | _aIRRIGATION - EGYPT |
| 650 | 0 | 4 | _aIRRIGATION - EQUIPMENT AND SUPPLIES |
| 942 |
_2ddc _cBK |
||
| 999 |
_c15356 _d15356 |
||